Efecto de la aplicación de una transglutaminasa en la elaboración de jamón cocido sobre algunas características físicas y sensoriales /

Gardado en:
Detalles Bibliográficos
Autor Principal: Cantú Rangel, Ana Gabriela (autor)
Outros autores: Jiménez Ramírez, Luis Arturo (autor) (autor)
Formato: Tesis Libro
Idioma:Lingua castelá
Temas:
Etiquetas: Engadir etiqueta
Sen Etiquetas, Sexa o primeiro en etiquetar este rexistro!

MARC

LEADER 00000nam^a2200000^a^4500
001 000187929
005 20250521000000.0
009 20260310102321.019
037 |a Acervo ITESO - Biblioteca 
041 |a ESP 
090 |a IQU. 208 
100 |a Cantú Rangel, Ana Gabriela  |e (autor) 
245 1 0 |a Efecto de la aplicación de una transglutaminasa en la elaboración de jamón cocido sobre algunas características físicas y sensoriales /  |c A.G. Cantú Rangel, L.A. Jiménez Ramírez. 
264 |a Guadalajara, México :  |b edición de autor,  |c 2006 
300 |a 1 disco compacto de computadora 
336 |a datos para computadora  |b cod  |2 rdacontenido 
337 |a computadora  |b c  |2 rdamedio 
338 |a disco de computadora  |b cd  |2 rdasoporte 
502 |a ITESO Tesis de Licenciatura en Ingeniería Química 
649 |a XX 
650 |a Jamón y Otras Carnes Frías 
650 |a Enzimas -  |x Aplicaciones Industriales 
650 |a Carne de Cerdo -  |x Industria y Comercio 
650 |a Alimentos y Bebidas -  |x Evaluación Sensorial 
650 |a Industria Alimenticia 
650 |a Industria Agropecuaria 
650 |a Tecnología de Alimentos -  |x Investigación 
650 |a Ingeniería Química -  |x Investigación 
700 |a Jiménez Ramírez, Luis Arturo  |e (autor) 
910 |a Fondo General 
920 |a Electrónicos - Tesis del ITESO en Disco 
905 |a 202 
901 |a 0500130511  |b IT2  |c STS  |u 20250521 
902 |a https://opac.biblio.iteso.mx/vufind/Record/000187929